000 00751nam a22002295i 4500
001 53233
003 ES-MaACL
005 20250817051946.0
007 t|
008 950912s1869 fr ||||1| fre d
040 _aCAM
_bspa
_cCAM
100 1 _aDuplessis, Georges.
_946095
245 1 4 _aLes merveilles de la gravure /
_cpar Georges Duplessis; ouvrage illustré... par P. Sellier.
260 _aParis :
_bL. Hachette et Cie.,
_c1869 (
_fSimon Racon et Comp.)
300 _a418 p., [34] h. de lám. ;
_c19 cm.
490 1 _aBibliothèque des merveilles
650 1 7 _aGrabado
_2embne
_913138
700 1 _aSellier, P.
_9105335
830 0 _aBibliothèque des merveilles
_9182004
852 _aES-MaACL
_jD-858
999 _c53233
_d53233